[Event "Challenge"]
[Site "http://www.queenalice.com/game.php?id=137473"]
[Date "2006.12.5"]
[Round "-"]
[White "brankat15"]
[Black "XMASTER_BR"]
[Result "1/2-1/2"]
[WhiteElo "1882"]
[BlackElo "1936"]

1. e4 d5 2. exd5 Qxd5 3. Nc3 Qd8 4. d4 Nf6 5. Bg5 Bf5 6. Qf3 Qc8 7. Bc4 Nc6 8.
O-O-O Bg6 9. Bxf6 gxf6 10. Bb5 Bh6+ 11. Kb1 O-O 12. Bxc6 bxc6 13. Qxc6 Qf5 14.
Nd5 Rae8 15. Nf3 e6 16. Ne3 Qa5 17. Ng4 Bg7 18. Ka1 Rb8 19. Ne3 Qb4 20. b3 Qb6
21. Qc3 Rfd8 22. Nc4 Qb4 23. Qxb4 Rxb4 24. c3 Rb5 25. Rhe1 Bh5 26. h3 Bxf3 27.
gxf3 Rh5 28. Rh1 Rf5 29. Rh2 Rxf3 30. Rg1 Rd5 31. h4 Kf8 32. Ne3 Rh5 33. Rg3 Rf4
34. Rhg2 Bh6 35. Rg8+ Ke7 36. Rc8 Kd7 37. Rh8 1/2-1/2

[Event "AUTO-ADV-264"]
[Site "http://www.queenalice.com/game.php?id=172499"]
[Date "2007.2.22"]
[Round "2"]
[White "XMASTER_BR"]
[Black "neijrodrigues"]
[Result "1-0"]
[WhiteElo "1908"]
[BlackElo "1790"]

1. e4 c5 2. c3 d5 3. exd5 Qxd5 4. d4 Nc6 5. Nf3 Bg4 6. Be2 e6 7. h3 Bh5 8. Be3
Nf6 9. Na3 cxd4 10. Nb5 O-O-O 11. Nbxd4 Be7 12. O-O h6 13. Qa4 a6 14. Nxc6 Qxc6
15. Qxc6+ bxc6 16. Bb6 Rd7 17. Bxa6+ Kb8 18. Ne5 Rc7 19. Bxc7+ Kxc7 20. g4 Bd6
21. Rfe1 Bxe5 22. Rxe5 Bg6 23. Rd1 Rb8 24. Re2 1-0

[Event "AUTO-ADV-264"]
[Site "http://www.queenalice.com/game.php?id=172500"]
[Date "2007.2.22"]
[Round "2"]
[White "neijrodrigues"]
[Black "XMASTER_BR"]
[Result "0-1"]
[WhiteElo "1790"]
[BlackElo "1920"]

1. e4 d5 2. e5 c5 3. f4 Nc6 4. Nf3 Bg4 5. Be2 e6 6. O-O Nh6 7. d3 Nf5 8. c3 Be7
9. Na3 O-O 10. Nc2 Qb6 11. Kh1 Rad8 12. Ne3 Nxe3 13. Bxe3 Qxb2 14. Qe1 d4 15.
cxd4 cxd4 16. Nxd4 Bxe2 17. Nxc6 bxc6 18. Rf2 Rxd3 19. Rxe2 Qa3 20. Qc1 Qa4 21.
h3 Rfd8 22. Rd2 Qe4 0-1

[Event "AUTO-ADV-264"]
[Site "http://www.queenalice.com/game.php?id=172501"]
[Date "2007.2.22"]
[Round "2"]
[White "XMASTER_BR"]
[Black "boffa"]
[Result "1-0"]
[WhiteElo "1993"]
[BlackElo "2024"]

1. e4 c5 2. c3 d5 3. exd5 Qxd5 4. Nf3 e6 5. d4 Nf6 6. Be3 Be7 7. c4 Qd7 8. Be2
cxd4 9. Nxd4 O-O 10. Nc3 b6 11. O-O Bb7 12. Qc2 a6 13. Rfd1 Qc7 14. Bf3 Nc6 15.
Nd5 Nxd4 16. Nxe7+ Qxe7 17. Bxd4 Bxf3 18. gxf3 Nd7 19. Qc3 Qg5+ 20. Kh1 e5 21.
Qe3 Qh4 22. Bc3 Ra7 23. Bb4 Re8 24. b3 f5 25. Rd6 f4 26. Qe4 Qxf2 27. Qd5+ Kh8
28. Rxd7 Rxd7 29. Qxd7 Qxf3+ 30. Kg1 Qe3+ 31. Kf1 Qf3+ 32. Ke1 Rg8 33. Kd2 e4
34. Qd4 Qg2+ 35. Kc1 a5 36. Bc3 a4 37. bxa4 Re8 38. Qd7 Rg8 39. Qd2 Qg4 40. Kb2
f3 41. Kb3 Qe6 42. Rg1 e3 43. Qd4 Qe7 44. Qf4 f2 45. Rxg7 1-0

[Event "AUTO-ADV-264"]
[Site "http://www.queenalice.com/game.php?id=172502"]
[Date "2007.2.22"]
[Round "2"]
[White "boffa"]
[Black "XMASTER_BR"]
[Result "1/2-1/2"]
[WhiteElo "1996"]
[BlackElo "2018"]

1. e4 e5 2. Nf3 Nc6 3. Bb5 a6 4. Bxc6 dxc6 5. O-O Bg4 6. h3 h5 7. d3 Qf6 8. Nbd2
Bc5 9. Rb1 Ne7 10. b4 Ba7 11. Bb2 Ng6 12. Kh1 O-O-O 13. a4 Rde8 14. b5 cxb5 15.
axb5 axb5 16. Ra1 Bb6 17. c4 b4 18. Qb3 Bxf3 19. Nxf3 c5 20. Nxe5 Nxe5 21. f4
Qe7 22. Bxe5 f6 23. Bb2 h4 24. e5 Kb8 25. Qa2 Rhf8 26. Rfe1 Qe6 27. Re4 Qd7 28.
exf6 gxf6 29. Bxf6 Rxe4 30. Qa8+ Kc7 31. Qxf8 Re8 32. Be5+ Kc6 33. Qh6+ Re6 34.
Qg5 Qe7 35. Qh5 Bc7 36. d4 Bxe5 37. d5+ Kc7 38. Re1 Bxf4 39. Rxe6 Qg7 40. Qxh4
Bd6 41. Re8 Qa1+ 42. Re1 Qg7 43. Qe4 Qc3 44. Kg1 b3 45. h4 b2 46. h5 Qd2 47. Rb1
Kb8 48. h6 Qxh6 49. Kf2 Qd2+ 50. Kf3 Qc1 51. Ke2 Bg3 52. Kf3 Bd6 53. Ke2 Ka7 54.
Qd3 Kb8 55. g3 Be5 56. Kf2 Qh6 57. Kg2 Qc1 58. d6 Bd4 59. d7 Kc7 60. Qe4 Kxd7
61. Qxb7+ Ke6 62. Qh7 1/2-1/2

[Event "AUTO-OPEN-400"]
[Site "http://www.queenalice.com/game.php?id=186123"]
[Date "2007.3.22"]
[Round "2"]
[White "helbertjulio"]
[Black "XMASTER_BR"]
[Result "0-1"]
[WhiteElo "1663"]
[BlackElo "1918"]

1. e4 d5 2. e5 Nc6 3. d4 f6 4. exf6 Nxf6 5. Nf3 Bg4 6. Be3 e5 7. dxe5 Nxe5 8.
Be2 Bd6 9. Nxe5 Bxe2 10. Qxe2 Bxe5 11. Bc5 Kf7 12. c3 Re8 13. Be3 c5 14. O-O d4
15. cxd4 cxd4 16. Qc4+ Kf8 17. Bg5 Rc8 18. Qb3 Qd5 19. Qh3 Bxh2+ 20. Qxh2 Qxg5
21. Na3 Re2 22. Qh3 Rd8 23. Nc4 b5 24. Na5 d3 25. Nc6 Rd7 26. Rad1 Qd5 27. Nb4
Qe6 28. Rxd3 Qxh3 29. Rxh3 Rdd2 30. b3 a5 31. Nc6 Rxa2 32. Nd4 b4 33. Nxe2 Rxe2
34. Ra1 Ng4 35. Rf3+ Kg8 36. Kf1 Rb2 37. Re1 Nh2+ 38. Kg1 Nxf3+ 39. gxf3 Rxb3
40. Re5 a4 41. Kg2 a3 42. Ra5 Rb2 43. f4 a2 44. f5 Rc2 45. Kg3 b3 0-1

[Event "AUTO-OPEN-400"]
[Site "http://www.queenalice.com/game.php?id=186124"]
[Date "2007.3.22"]
[Round "2"]
[White "XMASTER_BR"]
[Black "helbertjulio"]
[Result "1-0"]
[WhiteElo "1930"]
[BlackElo "1679"]

1. e4 e5 2. Nf3 d6 3. d4 exd4 4. c3 dxc3 5. Bc4 Nf6 6. Nxc3 Bg4 7. O-O Nc6 8. h3
Bh5 9. Be2 Be7 10. Qb3 b6 11. Bb5 Bxf3 12. Bxc6+ Nd7 13. Bxa8 Bxg2 14. Kxg2 Qxa8
15. Nd5 Bd8 16. Qc3 O-O 17. Kh2 Nc5 18. Rg1 f6 19. Bh6 Rf7 20. Qc4 c6 21. Rxg7+
Rxg7 22. Nxf6+ Kf8 23. Qg8+ Ke7 24. Qxg7+ Ke6 25. Nxh7 Nxe4 26. Re1 Kd5 27. Qg2
Bh4 28. Qxe4+ 1-0

[Event "AUTO-OPEN-400"]
[Site "http://www.queenalice.com/game.php?id=186129"]
[Date "2007.3.22"]
[Round "2"]
[White "XMASTER_BR"]
[Black "vgovidal"]
[Result "0-1"]
[WhiteElo "1936"]
[BlackElo "1936"]

1. e4 e5 2. Nf3 Nc6 3. d4 exd4 4. c3 d5 5. exd5 Qxd5 6. Be2 Bg4 7. O-O O-O-O 8.
c4 Qd7 9. Re1 d3 10. Bf1 Bb4 0-1

[Event "AUTO-OPEN-400"]
[Site "http://www.queenalice.com/game.php?id=186130"]
[Date "2007.3.22"]
[Round "2"]
[White "vgovidal"]
[Black "XMASTER_BR"]
[Result "1-0"]
[WhiteElo "1952"]
[BlackElo "1920"]

1. e4 d5 2. exd5 Qxd5 3. Nc3 Qd8 4. Nf3 Nf6 5. d4 Bf5 6. Bd3 Bxd3 7. Qxd3 e6 8.
O-O Be7 9. Qb5+ Nbd7 10. Qxb7 O-O 11. b3 1-0

[Event "Challenge"]
[Site "http://www.queenalice.com/game.php?id=223926"]
[Date "2007.6.12"]
[Round "-"]
[White "fornov_ik"]
[Black "XMASTER_BR"]
[Result "0-1"]
[WhiteElo "1589"]
[BlackElo "1924"]

1. e4 d5 2. exd5 Qxd5 3. Nc3 Qd8 4. d4 Nf6 5. Nf3 Bf5 6. Bd3 Bxd3 7. Qxd3 e6 8.
a3 Bd6 9. Qb5+ Nbd7 10. O-O b6 11. Re1 a6 12. Qg5 Qe7 13. Qxg7 O-O-O 14. Qg5
Rdg8 15. Qe3 Ng4 16. Qe4 Ndf6 17. Qc6 Kb8 18. Ne5 h5 19. f3 Nxe5 20. dxe5 Bc5+
21. Kf1 Nd5 22. Nxd5 exd5 23. Qxd5 Qh4 24. h3 Qf2# 0-1

[Event "AUTO-ADV-557"]
[Site "http://www.queenalice.com/game.php?id=237761"]
[Date "2007.7.10"]
[Round "1"]
[White "dante72"]
[Black "XMASTER_BR"]
[Result "0-1"]
[WhiteElo "1889"]
[BlackElo "1956"]

1. d4 d5 2. e3 Nc6 3. f4 Nf6 4. Bb5 Bd7 5. Nf3 e6 6. O-O Bd6 7. Bd2 a6 8. Bd3
Qe7 9. c4 Bb4 10. c5 Bxd2 11. Nbxd2 O-O 12. a3 Rfe8 13. Ne5 g6 14. Ndf3 Nh5 15.
Be2 f6 16. Nxc6 Bxc6 17. Nh4 Ng7 18. b4 f5 19. Nf3 Nh5 20. Ne5 Nf6 21. Bf3 Bb5
22. Re1 Nd7 23. a4 Nxe5 24. axb5 Nxf3+ 25. Qxf3 axb5 26. Qe2 c6 27. g3 Ra6 28.
Rxa6 bxa6 29. Ra1 Ra8 30. Ra3 Ra7 31. Qa2 Qb7 32. h4 Kg7 33. Kg2 h6 34. Qe2 Qc7
35. Kh3 a5 36. Qa2 a4 37. Qe2 g5 38. hxg5 hxg5 39. Qh5 Qf7 40. Qxg5+ Kf8 41.
Qd8+ Qe8 42. Qf6+ Rf7 43. Qh8+ Ke7 44. Qh4+ Kd7 45. Qg5 Rh7+ 46. Kg2 Qh5 47.
Qxh5 Rxh5 48. Kf3 Rh1 49. g4 fxg4+ 50. Kxg4 Rb1 51. f5 exf5+ 52. Kxf5 Rxb4 53.
Ke5 Rb3 54. Ra1 Rxe3+ 55. Kf4 Re4+ 56. Kf3 Rxd4 57. Ke3 Rc4 58. Rh1 Rxc5 59. Kd4
Rc4+ 60. Ke5 Re4+ 61. Kf6 a3 62. Ra1 b4 63. Rh1 Kd6 64. Rc1 c5 65. Rh1 c4 66.
Rh8 b3 67. Rd8+ Kc5 68. Rc8+ Kd4 69. Rh8 a2 0-1

[Event "AUTO-ADV-557"]
[Site "http://www.queenalice.com/game.php?id=237762"]
[Date "2007.7.10"]
[Round "1"]
[White "XMASTER_BR"]
[Black "dante72"]
[Result "1-0"]
[WhiteElo "1978"]
[BlackElo "1960"]

1. e4 e5 2. Nf3 d6 3. d4 f6 4. d5 Ne7 5. Bd3 Ng6 6. Nc3 a6 7. Be3 Be7 8. Qd2 O-O
9. h4 f5 10. Bg5 f4 11. O-O-O Bg4 12. Rdg1 Bxf3 13. gxf3 Bxg5 14. Rxg5 Nd7 15.
Qe1 Qf6 16. Qg1 Rf7 17. h5 Nh8 18. Bf1 Nb6 19. Bh3 Re7 20. h6 g6 21. Rf5 Qh4 22.
Bg2 Qxh1 23. Bxh1 Nf7 24. Rh5 Kf8 25. Rh2 Ke8 26. a4 Kd8 27. Bg2 Ng5 28. Qh1 Kc8
29. Bh3+ Kb8 30. Qg2 Nxh3 31. Rxh3 Ka7 32. b4 Rae8 33. Qf1 Na8 34. a5 Kb8 35. b5
axb5 36. Qxb5 Kc8 37. a6 bxa6 38. Qxa6+ Kb8 39. Nb5 Nb6 40. Qa7+ Kc8 41. Rh1 Rd8
42. Kd2 Rdd7 43. Ra1 Re8 44. Nxc7 Nc4+ 45. Kd3 Rxc7 46. Qa6+ Kd7 47. Rb1 Rec8
48. Rb7 Rxb7 49. Qxb7+ Rc7 50. Qb8 Rc8 51. Qxc8+ Kxc8 52. Kxc4 Kc7 53. Kb5 Kb7
54. c4 g5 55. Ka5 Ka7 56. Kb5 Kb7 57. c5 Kc7 58. cxd6+ Kxd6 59. Kb6 Ke7 60. Kc7
g4 61. d6+ Ke8 62. d7+ Kf7 63. d8=Q Kg6 64. Qf8 g3 65. Qg7+ Kh5 66. Qxe5+ Kg6
67. fxg3 fxg3 68. f4 g2 69. f5+ Kxh6 70. Qg3 Kh5 71. f6 h6 72. Qxg2 Kh4 73. f7
h5 74. Qg6 Kh3 75. f8=Q h4 76. Qf1+ Kh2 77. Qgg2# 1-0

[Event "AUTO-ADV-557"]
[Site "http://www.queenalice.com/game.php?id=237773"]
[Date "2007.7.10"]
[Round "1"]
[White "emiliano"]
[Black "XMASTER_BR"]
[Result "0-1"]
[WhiteElo "1897"]
[BlackElo "1927"]

1. e4 d5 2. exd5 Qxd5 3. Nf3 Nf6 4. c4 Qd8 5. d4 Bf5 6. Bd3 Bxd3 7. Qxd3 e6 8.
O-O Be7 9. Nc3 O-O 10. Be3 c6 11. a3 Nbd7 12. b4 a6 13. h3 Re8 14. Rfb1 b5 15.
cxb5 cxb5 16. Ne5 Nxe5 0-1

[Event "AUTO-ADV-557"]
[Site "http://www.queenalice.com/game.php?id=237774"]
[Date "2007.7.10"]
[Round "1"]
[White "XMASTER_BR"]
[Black "emiliano"]
[Result "1-0"]
[WhiteElo "1942"]
[BlackElo "1882"]

1. e4 e5 2. Nf3 Nc6 3. d4 exd4 4. c3 dxc3 5. Bc4 cxb2 6. Bxb2 h6 7. O-O d6 8.
Nc3 Nf6 9. Qb3 Qd7 10. Rad1 Be7 11. Bxf7+ Kf8 12. Bg6 Qe6 13. Qc2 Nb4 14. Qb1 c5
15. a3 Nc6 16. Nb5 Nxe4 17. Bxe4 a6 18. Nc7 1-0

[Event "AUTO-ADV-557"]
[Site "http://www.queenalice.com/game.php?id=237781"]
[Date "2007.7.10"]
[Round "1"]
[White "XMASTER_BR"]
[Black "THECRAZY"]
[Result "1-0"]
[WhiteElo "1969"]
[BlackElo "1782"]

1. e4 c5 2. c3 d6 3. d4 cxd4 4. Bc4 a6 5. Qb3 e6 6. cxd4 b5 7. Be2 Bb7 8. Nc3
Qb6 9. Nf3 Nc6 10. Be3 Na5 11. Qc2 Rc8 12. d5 Qc7 13. Qd2 Nc4 14. Qc1 Nxe3 15.
Qxe3 b4 16. Na4 Qc2 17. Bd1 Qc7 18. O-O Nf6 19. dxe6 fxe6 20. Ng5 h6 21. Rc1 Qe7
22. Rxc8+ Bxc8 23. Nb6 hxg5 24. Nxc8 Qb7 25. Ba4+ Kf7 26. Rc1 Be7 27. Nxe7 Kxe7
28. Qxg5 Rh7 29. Qa5 Qxe4 30. Qc7+ Nd7 31. Qxd7+ Kf6 32. Qd8+ Ke5 33. Qg5+ Kd4
34. Rd1+ Kc4 35. Qc1+ 1-0

[Event "AUTO-ADV-557"]
[Site "http://www.queenalice.com/game.php?id=237782"]
[Date "2007.7.10"]
[Round "1"]
[White "THECRAZY"]
[Black "XMASTER_BR"]
[Result "0-1"]
[WhiteElo "1751"]
[BlackElo "2017"]

1. d4 d5 2. c4 c6 3. Nc3 Nf6 4. Bg5 e6 5. e3 Be7 6. Nf3 O-O 7. Bd3 dxc4 8. Bxc4
Nd5 9. h4 Nxc3 10. bxc3 h6 11. Bf4 Qa5 12. Qc2 Nd7 13. O-O b5 14. Bb3 Qd8 15.
Rad1 Bxh4 16. g3 Be7 17. Kg2 a5 18. a4 Nf6 19. Ne5 Re8 20. Rh1 Bb7 21. Rh2 c5+
22. f3 c4 23. Ba2 Nd5 24. Rdh1 Bg5 25. Kf2 Bxf4 26. gxf4 b4 27. Rg1 b3 28. Bxb3
cxb3 29. Qxb3 Rb8 30. Ng4 Kf8 31. Qa3+ Qe7 32. Qxe7+ Rxe7 33. c4 Nc3 34. Ne5 Ba8
35. Kg3 Nxa4 36. Ra1 Rb4 37. Rha2 Nb6 38. Rxa5 Bb7 39. Nd3 Rxc4 40. Rb5 Nd5 41.
Nc5 Rb4 42. Rxb7 Rexb7 43. Nxb7 Rxb7 44. Ra8+ Ke7 45. e4 Nf6 46. e5 Nh5+ 47. Kg4
g6 48. Ra5 f5+ 49. exf6+ Kxf6 50. d5 exd5 51. Rxd5 Ng7 52. Rd6+ Kf7 53. Rc6 Rb5
54. Rc7+ Kg8 55. Rc8+ Kh7 56. Rc7 h5+ 57. Kh4 Rf5 58. Kg3 Kh6 59. Re7 Rf8 60.
Re5 Nf5+ 61. Kh3 h4 62. Kg4 Rd8 63. Kh3 Rd3 64. Kg4 Rd1 65. Re8 Rg1+ 66. Kh3
Rg3+ 67. Kh2 Rxf3 68. Rh8+ Kg7 69. Ra8 Rxf4 70. Ra7+ Kh6 71. Kg2 Kg5 72. Ra5 Kg4
73. Kg1 Kh3 74. Ra3+ Ng3 75. Rf3 g5 76. Kf2 Rxf3+ 77. Kxf3 g4+ 78. Kf2 Kh2 79.
Ke1 Kg2 0-1

[Event "Challenge"]
[Site "http://www.queenalice.com/game.php?id=263325"]
[Date "2007.8.29"]
[Round "-"]
[White "Macuei"]
[Black "XMASTER_BR"]
[Result "1/2-1/2"]
[WhiteElo "2271"]
[BlackElo "1981"]

1. e4 d5 2. exd5 Qxd5 3. Nc3 Qd8 4. d4 Nf6 5. Nf3 Bf5 6. Bd3 Bxd3 7. Qxd3 e6 8.
Qb5+ Nbd7 9. Qxb7 Bd6 10. O-O O-O 11. Qa6 Nb6 12. Bg5 h6 13. Bxf6 Qxf6 14. Rae1
Qf5 15. Re2 Rfb8 16. b3 Nd7 17. Qc6 Nf8 18. d5 e5 19. Nb5 Ng6 20. Nxc7 Nf4 21.
Rd2 e4 22. Ne1 Qe5 23. g3 Bxc7 24. d6 Bb6 25. gxf4 Qxf4 26. Qd5 e3 27. Ng2 exf2+
28. Kh1 Qb4 29. c4 Rd8 30. Rfd1 Rac8 31. Qf3 Rd7 32. Qe2 Rcd8 33. Nf4 Rxd6 34.
Rxd6 Rxd6 35. Nd3 Rg6 36. Qxf2 Rd6 37. Qxf7+ Kxf7 38. Rf1+ Ke6 39. Nxb4 Rd2 40.
Re1+ Kf5 41. h3 Kf4 42. Rc1 Bc5 43. a3 Kg3 44. Rc3+ Kh4 45. Nd5 Bxa3 46. b4 Bb2
47. Rf3 Be5 48. Ne7 Bf6 49. Nc6 a6 50. c5 Rb2 51. Kg1 Bg5 52. Kf1 Bd2 53. Ra3
Kh5 54. Rxa6 Bxb4 55. Nxb4 Rxb4 56. c6 Rc4 57. Ke2 Kg6 58. Kd3 Rc1 59. Ke4 Kf7
60. Kd5 Ke7 61. Ra7+ Kd8 62. Rxg7 Rd1+ 63. Kc5 Rc1+ 64. Kb6 Rb1+ 65. Ka6 Ra1+
66. Kb7 Rb1+ 67. Ka7 1/2-1/2

[Event "Challenge"]
[Site "http://www.queenalice.com/game.php?id=263326"]
[Date "2007.8.29"]
[Round "-"]
[White "XMASTER_BR"]
[Black "Macuei"]
[Result "1/2-1/2"]
[WhiteElo "2010"]
[BlackElo "2200"]

1. e4 e5 2. Nf3 Nc6 3. d4 exd4 4. c3 Nf6 5. e5 Ne4 6. cxd4 d5 7. Bd3 Bb4+ 8. Bd2
Nxd2 9. Nbxd2 Bg4 10. O-O Bxd2 11. Qxd2 Bxf3 12. gxf3 Nxd4 13. Qe3 c5 14. b4 b6
15. f4 Qd7 16. a4 O-O 17. Kh1 a5 18. bxc5 bxc5 19. f5 g6 20. Rfc1 Rac8 21. e6
Qe7 22. exf7+ Qxf7 23. fxg6 hxg6 24. Kg2 Nb3 25. Rg1 Nxa1 26. Bxg6 Qxg6+ 27. Kf1
Qxg1+ 28. Kxg1 Rf7 29. Kf1 d4 30. Qg5+ Kf8 31. Qh6+ 1/2-1/2

[Event " FIM DE ANO 2007"]
[Site "http://www.queenalice.com/game.php?id=315776"]
[Date "2007.12.6"]
[Round "1"]
[White "rxk"]
[Black "XMASTER_BR"]
[Result "1-0"]
[WhiteElo "1803"]
[BlackElo "2026"]

1. d4 f5 2. c4 e6 3. Nf3 Nf6 4. Nc3 Bb4 5. Bg5 O-O 6. a3 Bxc3+ 7. bxc3 d6 8. Qc2
h6 9. Bxf6 Qxf6 10. e4 Nd7 11. exf5 exf5 12. Bd3 b6 13. O-O-O c5 14. Rhe1 1-0

[Event "AUTO-ADV-557"]
[Site "http://www.queenalice.com/game.php?id=323189"]
[Date "2007.12.20"]
[Round "2"]
[White "bruno_borges"]
[Black "XMASTER_BR"]
[Result "1-0"]
[WhiteElo "1908"]
[BlackElo "2001"]

1. e4 d5 2. exd5 Qxd5 3. Nc3 Qd8 4. h3 Bf5 5. Bc4 Nf6 6. d4 e6 7. a3 c6 8. Nf3
Bd6 9. Bg5 Nbd7 10. Qe2 Qc7 11. O-O h6 12. Be3 g5 13. Nd2 g4 14. hxg4 Nxg4 15.
Nce4 Bh2+ 16. Kh1 Bd6 17. Nxd6+ Qxd6 18. g3 O-O-O 19. Bf4 1-0

[Event "AUTO-ADV-557"]
[Site "http://www.queenalice.com/game.php?id=323190"]
[Date "2007.12.20"]
[Round "2"]
[White "XMASTER_BR"]
[Black "bruno_borges"]
[Result "0-1"]
[WhiteElo "1993"]
[BlackElo "2011"]

1. e4 e5 2. Nf3 Nc6 3. d4 exd4 4. c3 dxc3 5. Bc4 d6 6. Qb3 Qd7 7. Ng5 Ne5 8.
Nxc3 Nf6 9. Bf4 Nxc4 10. Qxc4 h6 11. Nf3 Be7 12. Rd1 O-O 13. O-O Qc6 14. Qxc6
bxc6 15. Rfe1 Nh5 16. Be3 f5 17. Nd4 fxe4 18. Nxc6 Bf6 19. Nxe4 Bxb2 20. Re2 Bf6
21. f3 a6 22. g4 Bb7 23. Rc1 d5 24. Nxf6+ Nxf6 25. Ne7+ Kh7 26. Rxc7 Rab8 27.
Ba7 d4 28. Bxb8 Rxb8 29. Nf5 Bxf3 30. Rxg7+ Kh8 31. Re6 Nxg4 32. Rxg4 Bxg4 33.
Rxh6+ Kg8 34. Rg6+ Kf7 35. Rxg4 d3 36. Rd4 Rb1+ 37. Kf2 Rb2+ 38. Kg3 Rxa2 39.
Rxd3 a5 40. Nd6+ Kg6 41. h4 a4 42. Nc4 Ra1 43. Ra3 Rg1+ 44. Kh2 Rc1 0-1